| 000 | 00407nam a2200157Ia 4500 | ||
|---|---|---|---|
| 008 | 230917s9999||||xx |||||||||||||| ||und|| | ||
| 040 |
_e207413 _aMAIN |
||
| 041 | _aEnglish | ||
| 082 | _a615.19 A54P(3) | ||
| 100 | _aAulton, Michael E | ||
| 245 | 0 | _aPharmaceutics: The design and manufacture of medicines | |
| 250 | _a3rd ed. | ||
| 260 |
_aLondon _bElsevier _c2011 |
||
| 300 | _ax, 717 p. | ||
| 942 | _cBK | ||
| 999 |
_c171840 _d171840 |
||